Normal view
MARC view
Entry Personal Name
001 - CONTROL NUMBER
- control field: 1332
003 - CONTROL NUMBER IDENTIFIER
- control field: HDC
005 - DATE AND TIME OF LATEST TRANSACTION
- control field: 20230624073112.0
008 - FIXED-LENGTH DATA ELEMENTS
- fixed length control field: 201224|| aca||aabn | a|a d
040 ## - CATALOGING SOURCE
- Original cataloging agency: HDC
- Transcribing agency: HDC
100 ## - HEADING--PERSONAL NAME
- Personal name: Kaliappan, Shivee Ranjanee
670 ## - SOURCE DATA FOUND
- Source citation: Work cat.: (HDC): Kaliappan, Shivee Ranjanee author, Spillover effects of foreign hypermarkets on domestic suppliers in Malaysia, 2008
